000 00351nam a2200157 4500
001 45699
090 _a45699
100 _a20260219 pory50
101 _apor
102 _aPT
200 _aUlisses
_fMaria Alberta Menéres
210 _a[S.l.]
_cEd. policopiada
_d[S.d.]
215 _a62, [2]
_cil.
675 _a82-93
801 _aPT
_gRPC
990 _cLIVROS